00794nam a22002177a 450000500170000001000150001702000260003203500140005803700090007208200090008110000170009024500570010725000060016426000350017027001220020530000200032770000410034794200200038899900190040895201490042720260128144344.0 aENG-147688 a9789358043983c195.00 aEN-131220 bDBAD 21aN aPlato986970 aCratylus/cPlato [and] Translated By Benjamin Jowett a1 aEast DelhibPharos Booksc2023 aPlot No. -63 Main Mother Dairy Road Pandav Nagar, East DelhibEast Delhie110092k011-403958555msales@pharosbooks.in a168p.c21cm(pb) aJowett, Benjamin eTranslator986950 2ddccENmPLAhN c214585d214585 001040708FICaAVbAVd2026-01-28eDelivery of Books Act Divisiong195.00l0oPLA NpEN-131220r2026-01-28 00:00:00t1v195.00w2026-01-28yEN